The Velvet Underground /
محفوظ في:
| المؤلف الرئيسي: | |
|---|---|
| مؤلفون آخرون: | , , , , , , , , , , , |
| التنسيق: | |
| اللغة: | الإنجليزية |
| منشور في: |
EUA :
Motto Pictures : Killer Content : Digital One,
2021, c2021
|
| الطبعة: | Edición especial aprobada por el realizador |
| سلاسل: | (Criterion Collection ;
1164) |
| الموضوعات: | |
| الوسوم: |
لا توجد وسوم, كن أول من يضع وسما على هذه التسجيلة!
|
MARC
| LEADER | 00000ngm^a2200000^a^4500 | ||
|---|---|---|---|
| 001 | 000562854 | ||
| 005 | 20251020000000.0 | ||
| 009 | 20260310131954.033 | ||
| 020 | |a 978-1-68143-998-3 | ||
| 037 | |a Acervo ITESO - Biblioteca | ||
| 041 | |a ING | ||
| 082 | |a 808. 8 |b CRI V. 1164 | ||
| 100 | |a The Velvet Underground |e (música) | ||
| 240 | 1 | 0 | |a [The Velvet Underground] |
| 245 | 1 | 0 | |a The Velvet Underground / |c Música de The Velvet Underground ; realización de T. Haynes. |
| 246 | 2 | |a Título en México: The Velvet Underground | |
| 250 | |a Edición especial aprobada por el realizador | ||
| 264 | 4 | |a EUA : |b Motto Pictures : |b Killer Content : |b Digital One, |c 2021, c2021 | |
| 264 | 2 | |a Nueva York, EUA : |b Criterion Collection [distribución], |c 2022, c2022 | |
| 300 | |a 1 blu-ray región A (120, 40, 96 min.) : |b color + |e 1 folleto (26 p.) | ||
| 336 | |a imagen móvil bidimensional |b tdi |2 rdacontenido | ||
| 337 | |a video |b v |2 rdamedio | ||
| 338 | |a videodisco |b vd |2 rdasoporte | ||
| 440 | 1 | |a (Criterion Collection ; |v 1164) | |
| 546 | |a En inglés, con subtítulos opcionales: inglés | ||
| 610 | |a The Velvet Underground - |x Tema Principal | ||
| 649 | |a XX | ||
| 650 | |a Cineastas Norteamericanos - |x Entrevistas | ||
| 650 | |a Cineastas Lituanos - |x Entrevistas | ||
| 650 | |a Músicos Norteamericanos - |x Entrevistas | ||
| 650 | |a Artistas Norteamericanos - |x Entrevistas | ||
| 650 | |a Banda (de Jazz, Rock, etc.) - |z EUA | ||
| 650 | |a Cortometrajes y Mediometrajes Norteamericanos | ||
| 650 | |a Películas Musicales | ||
| 650 | |a Documentales | ||
| 650 | |a Cine Experimental - |z EUA | ||
| 650 | |a Cine Experimental - |z EUA - |x Historia y Crítica | ||
| 650 | |a Cine Norteamericano - |y 1960-1969 | ||
| 650 | |a Cine Norteamericano - |y 2020-2029 | ||
| 650 | |a Cine Norteamericano - |y Siglo XX | ||
| 650 | |a Cine Norteamericano - |y Siglo XXI | ||
| 650 | |a Cine Norteamericano - |x Historia y Crítica | ||
| 650 | |a Rock - |z EUA - |x Historia y Crítica - |x Tema Principal | ||
| 650 | |a Rock - |x Historia y Crítica | ||
| 650 | |a Música Popular Moderna - |y Siglo XX | ||
| 650 | |a Música Popular Moderna - |z EUA - |x Historia y Crítica | ||
| 650 | |a Música Popular Moderna - |x Historia y Crítica | ||
| 650 | |a Música Norteamericana - |y Siglo XX | ||
| 650 | |a Música Norteamericana - |x Historia y Crítica | ||
| 650 | |a Performances y Happenings - |z EUA - |x Historia y Crítica | ||
| 650 | |a Arte (Tendencias Recientes) - |z EUA - |x Historia y Crítica | ||
| 650 | |a Arte Norteamericano - |x Historia y Crítica | ||
| 650 | |a Arte Norteamericano - |y Siglo XX | ||
| 650 | |a Nueva York, EUA en el Cine | ||
| 650 | |a Reed, Lou | ||
| 650 | |a Cale, John | ||
| 650 | |a Morrison, Sterling | ||
| 650 | |a Tucker, Maureen | ||
| 650 | |a Nico | ||
| 650 | |a Warhol, Andy | ||
| 650 | |a Mekas, Jonas | ||
| 650 | |a Woronov, Mary | ||
| 650 | |a Richman, Jonathan | ||
| 650 | |a Haynes, Todd | ||
| 650 | |a Cale, John | ||
| 650 | |a Pelly, Jenn | ||
| 700 | |a Haynes, Todd |e (realización) | ||
| 700 | |a Haynes, Todd |e (guión) | ||
| 700 | |a Lachman, Edward |e (fotógrafo) | ||
| 700 | |a Gonçalves, Affonso |e (montaje) | ||
| 700 | |a Kurnitz, Adam |e (montaje) | ||
| 700 | |a Haynes, Todd |e (comentarios) | ||
| 700 | |a Gonçalves, Affonso |e (comentarios) | ||
| 700 | |a Kurnitz, Adam |e (comentarios) | ||
| 700 | |a Mekas, Jonas |e (realización) | ||
| 700 | |a Heliczer, Piero |e (realización) | ||
| 700 | |a Arosteguy, Susan |e (producción) | ||
| 700 | |a Marcus, Greil |e (texto del folleto) | ||
| 740 | 0 | |a Award Presentation to Andy Warhol / |c Realización de J. Mekas. | |
| 740 | 0 | |a Venus in Furs / |c Realización de P. Heliczer. | |
| 740 | 0 | |a Walden : |b Diaries, Notes, and Sketches : [Excerpt] / |c Realización de J. Mekas. | |
| 740 | 2 | |a A Ride on the Velvet Underground / |c Texto del folleto de G. Marcus. | |
| 910 | |a Fondo General | ||
| 920 | |a Audiovisuales - Blu-rays | ||
| 940 | |a Películas | ||
| 905 | |a 309 | ||
| 901 | |a 0500400988 |b IT2 |c BRR |i C182153 |u 20250521 | ||
| 901 | |a 0500400990 |b IT2 |c MIN |i C182153 |u 20251020 | ||
| 902 | |a https://opac.biblio.iteso.mx/vufind/Record/000562854 | ||